Desarrollo sustentable y neoestructuralismo /
محفوظ في:
| المؤلف الرئيسي: | |
|---|---|
| التنسيق: | نص |
| الموضوعات: | |
| الوسوم: |
إضافة وسم
لا توجد وسوم, كن أول من يضع وسما على هذه التسجيلة!
|
MARC
| LEADER | 00000 a a2200000 04500 | ||
|---|---|---|---|
| 001 | 1789 | ||
| 003 | |||
| 040 | |||
| 100 | |a Rojas Rueda, Manuel E. | ||
| 245 | |a Desarrollo sustentable y neoestructuralismo / |c Manuel E. Rojas Rueda | ||
| 650 | |a DESARROLLO SOSTENIBLE | ||
| 650 | |a RECESION ECONOMICA | ||
| 650 | |a TEORIA DEL DESARROLLO | ||
| 650 | |a GLOBALIZACION | ||
| 650 | |a RELACIONES NORTE SUR | ||
| 650 | |a AGOTAMIENTO DEL RECURSOS | ||
| 650 | |a DESIGUALDAD SOCIAL | ||
| 773 | |g número 2; páginas 123-138 | ||
| 999 | |c 32532 |d 32532 | ||
